[Event "ROM-ch U08"]
[Site "Calimanesti Caciulata"]
[Date "2016.04.21"]
[Round "5"]
[White "Popescu, Bogdan Tudor"]
[Black "Gombas, Csongor"]
[Result "1-0"]
[WhiteElo "1001"]
[BlackElo "1001"]
[PlyCount "65"]
[EventDate "2016.04.18"]
[EventType "swiss"]
[EventRounds "9"]
[EventCountry "ROU"]
[SourceTitle "CBM 172 Extra"]
[Source "ChessBase"]
[SourceDate "2016.06.21"]
[SourceVersion "1"]
[SourceVersionDate "2016.06.21"]
[SourceQuality "1"]

1. e4 a6 2. d4 b5 3. a3 Bb7 4. Nc3 e6 5. Nf3 Be7 6. Bd3 Nf6 7. Be3 Nc6 8. d5 Na5 9. b4 Nc4 10. Bxc4 bxc4 11. dxe6 dxe6 12. Qxd8+ Rxd8 13. 0-0 Nxe4 14. Nxe4 Bxe4 15. Nd4 0-0 16. c3 Bd3 17. Rfd1 Ra8 18. Rd2 a5 19. bxa5 Rxa5 20. Nc6 Rd5 21. Nxe7+ Kh8 22. Nxd5 exd5 23. a4 f5 24. g3 c6 25. a5 Ra8 26. a6 g6 27. a7 Kg8 28. Rb2 Kf7 29. Rb8 Rxb8 30. axb8Q Be4 31. Ra7+ Kf6 32. Qf8+ Ke5 33. Qe7# 1-0

[Event "ROM-ch U08"]
[Site "Calimanesti Caciulata"]
[Date "2016.04.19"]
[Round "2"]
[White "Popescu, Bogdan Tudor"]
[Black "Sandea, Iancu Ioan"]
[Result "0-1"]
[WhiteElo "1001"]
[BlackElo "1082"]
[PlyCount "124"]
[EventDate "2016.04.18"]
[EventType "swiss"]
[EventRounds "9"]
[EventCountry "ROU"]
[SourceTitle "CBM 172 Extra"]
[Source "ChessBase"]
[SourceDate "2016.06.21"]
[SourceVersion "1"]
[SourceVersionDate "2016.06.21"]
[SourceQuality "1"]

1. e4 e5 2. Nf3 Nf6 3. Nxe5 Qe7 4. d4 d6 5. Nf3 Qxe4+ 6. Be2 Bf5 7. c3 Qc2 8. Qxc2 Bxc2 9. Nbd2 Be4 10. 0-0 Bxf3 11. Nxf3 Nc6 12. b4 a6 13. Re1 Be7 14. c4 0-0-0 15. b5 axb5 16. cxb5 Nb4 17. Bd2 Nc2 18. Rac1 Nxe1 19. Rxe1 Ne4 20. Bd3 Nxd2 21. Nxd2 Bg5 22. Nf3 f6 23. Nxg5 fxg5 24. Rc1 Rhe8 25. b6 c6 26. Bf5+ Kb8 27. Bxh7 Re7 28. Bg6 Re6 29. Bf7 Rf6 30. Bb3 Re8 31. Bc2 Rfe6 32. Kf1 Rh8 33. h3 Rh4 34. Rd1 Rhh6 35. Kg1 Re8 36. Ba4 Rhe6 37. Kf1 Re2 38. d5 Rxa2 39. Bb3 Ra3 40. Bc4 Re4 41. Bd3 Rd4 42. Ke2 Ra2+ 43. Ke3 c5 44. Re1 Ra3 45. Rd1 Rb3 46. Ke2 Rxb6 47. Ra1 Rxd5 48. Be4 Re5 49. Kd3 Rb3+ 50. Kc4 Rb4+ 51. Kd3 Rexe4 52. f3 Rbd4+ 53. Kc3 Re3+ 54. Kc2 Re2+ 55. Kc3 Rxg2 56. Re1 b5 57. Re8+ Kb7 58. Re7+ Kb6 59. Rxg7 b4+ 60. Kb3 Rg3 61. Ka4 Rxf3 62. Rxg5 Ra3# 0-1